Gaming Quiz

Random Gaming or Pokémon Quiz
Score 0/135 Timer 10:00
0 Plays Today
Species Pokémon % Correct
Cocoon PokémonCascoon
89.5%
Poison Moth PokémonDustox
89.5%
Loud Noise PokémonExploud
89.5%
Arm Thrust PokémonHariyama
89.5%
Meditate PokémonMeditite
89.5%
Meditate PokémonMedicham
89.5%
Snow Hat PokémonSnorunt
89.5%
Eon PokémonLatias
89.5%
Wood Gecko PokémonGrovyle
84.2%
Blaze PokémonBlaziken
84.2%
Mud Fish PokémonMarshtomp
84.2%
Tiny Raccoon PokémonZigzagoon
84.2%
Butterfly PokémonBeautifly
84.2%
Acorn PokémonSeedot
84.2%
Mushroom PokémonShroomish
84.2%
Slacker PokémonSlakoth
84.2%
Lazy PokémonSlaking
84.2%
Ninja PokémonNinjask
84.2%
Big Voice PokémonLoudred
84.2%
Iron Armor PokémonLairon
84.2%
Firefly PokémonVolbeat
84.2%
Firefly PokémonIllumise
84.2%
Poison Bag PokémonSwalot
84.2%
Cactus PokémonCacnea
84.2%
Cotton Bird PokémonSwablu
84.2%
Fang Snake PokémonSeviper
84.2%
Clay Doll PokémonBaltoy
84.2%
Marionette PokémonBanette
84.2%
Dragon PokémonSalamence
84.2%
Wish PokémonJirachi
84.2%
DNA PokémonDeoxys
84.2%
Wood Gecko PokémonTreecko
78.9%
Chick PokémonTorchic
78.9%
Mud Fish PokémonMudkip
78.9%
Mud Fish PokémonSwampert
78.9%
Cocoon PokémonSilcoon
78.9%
Swallow PokémonSwellow
78.9%
Seagull PokémonWingull
78.9%
Water Bird PokémonPelipper
78.9%
Whisper PokémonWhismur
78.9%
Compass PokémonNosepass
78.9%
Kitten PokémonSkitty
78.9%
Iron Armor PokémonAron
78.9%
Coal PokémonTorkoal
78.9%
Spot Panda PokémonSpinda
78.9%
Species Pokémon % Correct
Meteorite PokémonLunatone
78.9%
Clay Doll PokémonClaydol
78.9%
Weather PokémonCastform
78.9%
Puppet PokémonShuppet
78.9%
Fruit PokémonTropius
78.9%
Wind Chime PokémonChimecho
78.9%
Worm PokémonWurmple
73.7%
Tiny Swallow PokémonTaillow
73.7%
Pond Skater PokémonSurskit
73.7%
Mushroom PokémonBreloom
73.7%
Lightning PokémonElectrike
73.7%
Stomach PokémonGulpin
73.7%
Ball Whale PokémonWailmer
73.7%
Float Whale PokémonWailord
73.7%
Numb PokémonNumel
73.7%
Eruption PokémonCamerupt
73.7%
Vibration PokémonVibrava
73.7%
Meteorite PokémonSolrock
73.7%
Sea Lily PokémonLileep
73.7%
Color Swap PokémonKecleon
73.7%
Disaster PokémonAbsol
73.7%
Iceberg PokémonRegice
73.7%
Eon PokémonLatios
73.7%
Sky High PokémonRayquaza
73.7%
Water Weed PokémonLotad
68.4%
Feeling PokémonRalts
68.4%
Emotion PokémonKirlia
68.4%
Darkness PokémonSableye
68.4%
Iron Armor PokémonAggron
68.4%
Bounce PokémonSpoink
68.4%
Ant Pit PokémonTrapinch
68.4%
Scarecrow PokémonCacturne
68.4%
Whiskers PokémonBarboach
68.4%
Ice Break PokémonWalrein
68.4%
Bivalve PokémonClamperl
68.4%
Deep Sea PokémonHuntail
68.4%
Sea Basin PokémonKyogre
68.4%
Continent PokémonGroudon
68.4%
Bite PokémonPoochyena
63.2%
Embrace PokémonGardevoir
63.2%
Shed PokémonShedinja
63.2%
Guts PokémonMakuhita
63.2%
Discharge PokémonManectric
63.2%
Cat Ferret PokémonZangoose
63.2%
Rock Peak PokémonRegirock
63.2%
Species Pokémon % Correct
Young Fowl PokémonCombusken
57.9%
Bite PokémonMightyena
57.9%
Jolly PokémonLombre
57.9%
Wild Monkey PokémonVigoroth
57.9%
Deceiver PokémonMawile
57.9%
Cheering PokémonPlusle
57.9%
Cheering PokémonMinun
57.9%
Humming PokémonAltaria
57.9%
Whiskers PokémonWhiscash
57.9%
Barnacle PokémonCradily
57.9%
Plate PokémonArmaldo
57.9%
Fish PokémonFeebas
57.9%
Requiem PokémonDuskull
57.9%
Ball Roll PokémonSealeo
57.9%
Longevity PokémonRelicanth
57.9%
Iron Claw PokémonMetang
57.9%
Polka Dot PokémonAzurill
52.6%
Prim PokémonDelcatty
52.6%
Thorn PokémonRoselia
52.6%
Brutal PokémonSharpedo
52.6%
Old Shrimp PokémonAnorith
52.6%
Iron Ball PokémonBeldum
52.6%
Iron Leg PokémonMetagross
52.6%
Iron PokémonRegisteel
52.6%
Forest PokémonSceptile
47.4%
Rushing PokémonLinoone
47.4%
Carefree PokémonLudicolo
47.4%
Wily PokémonNuzleaf
47.4%
Wicked PokémonShiftry
47.4%
Trainee PokémonNincada
47.4%
Savage PokémonCarvanha
47.4%
Mystic PokémonFlygon
47.4%
Ruffian PokémonCorphish
47.4%
Beckon PokémonDusclops
47.4%
Clap PokémonSpheal
47.4%
Face PokémonGlalie
47.4%
South Sea PokémonGorebyss
47.4%
Rendezvous PokémonLuvdisc
47.4%
Eyeball PokémonMasquerain
42.1%
Manipulate PokémonGrumpig
42.1%
Tender PokémonMilotic
42.1%
Bright PokémonWynaut
42.1%
Rock Head PokémonBagon
42.1%
Endurance PokémonShelgon
42.1%
Rogue PokémonCrawdaunt
36.8%
Remove Ads.
Support Sporcle.
Get the best of Sporcle when you Go Orange. This ad-free experience offers more features, more stats, and more fun while also helping to support Sporcle. Thank you for becoming a member.

You're not logged in!

Compare scores with friends on all Sporcle quizzes.
OR
Log In

Show Comments

Extras

Created Dec 22, 2014ReportNominate
Tags:Pokémon Quiz

Top Quizzes Today


Score Distribution

Your Account Isn't Verified!

In order to create a playlist on Sporcle, you need to verify the email address you used during registration. Go to your Sporcle Settings to finish the process.

Report this User

Report this user for behavior that violates our Community Guidelines.

Details: